[Event "CZE-chT1W 2425"]
[Site "Czech Republic"]
[Date "2025.02.16"]
[Round "8.5"]
[White "Havlik, Jan"]
[Black "Dudek, Vojtech"]
[Result "1-0"]
[WhiteElo "2347"]
[BlackElo "2121"]
[PlyCount "163"]
[EventDate "2024.10.20"]
[EventType "team-tourn"]
[EventRounds "11"]
[EventCountry "CZE"]
[SourceTitle "CB16_2025"]
[SourceDate "2025.04.16"]
[SourceVersion "1"]
[SourceVersionDate "2025.04.16"]
[SourceQuality "1"]
[WhiteTeam "Pisek"]
[BlackTeam "Vlasim Spartak"]
[WhiteTeamCountry "CZE"]
[BlackTeamCountry "CZE"]

1. e4 c5 2. Nf3 Nc6 3. d4 cxd4 4. Nxd4 g6 5. c4 Bg7 6. Be3 Qb6 7. Nb3 Qd8 8. Qd2 Nf6 9. Nc3 d6 10. Be2 a5 11. f3 a4 12. Nd4 0-0 13. 0-0 Qa5 14. Ndb5 Be6 15. Rac1 Rfc8 16. b3 axb3 17. axb3 Nd7 18. f4 Nc5 19. Rb1 Nb4 20. Bd4 Bxd4+ 21. Nxd4 Na2 22. b4 Nxb4 23. f5 Na2 24. fxe6 Qxc3 25. exf7+ Kg7 26. Rbd1 Qxd2 27. Rxd2 Rf8 28. Bg4 Nb4 29. e5 dxe5 30. Ne6+ Nxe6 31. Bxe6 Ra6 32. Rb1 Rxe6 33. Rxb4 Rxf7 34. Rxb7 Rd6 35. Rbb2 Rf4 36. Rd5 Rxd5 37. cxd5 Rd4 38. Rb5 Kf6 39. Rb6+ Kf7 40. Rb5 Rd2 41. h3 g5 42. Kh2 h5 43. Kg3 Kf6 44. Kf3 h4 45. Ke4 Re2+ 46. Kf3 Ra2 47. Ke4 Ra4+ 48. Ke3 Kf5 49. Rb7 Ra3+ 50. Kf2 Ra2+ 51. Kf1 Rd2 52. Rxe7 Rxd5 53. Kf2 Ke4 54. Rg7 Rd2+ 55. Kg1 Kf4 56. Rf7+ Ke3 57. Rf5 e4 58. Rxg5 Rd1+ 59. Kh2 Rd4 60. Re5 Kf4 61. Rh5 e3 62. Rxh4+ Ke5 63. Rh8 Re4 64. Kg1 Kd4 65. Rd8+ Kc3 66. Kf1 Rf4+ 67. Ke2 Rf2+ 68. Kxe3 Rxg2 69. Rc8+ Kb4 70. Kf3 Rh2 71. Kg3 Rd2 72. Rf8 Rd3+ 73. Kg4 Rd1 74. Rf5 Rg1+ 75. Kh5 Kc4 76. h4 Kd4 77. Kh6 Ke4 78. Rg5 Rh1 79. h5 Kf4 80. Kg6 Ra1 81. Rf5+ Kg4 82. h6 1-0

[Event "CZE-chT1W 2425"]
[Site "Czech Republic"]
[Date "2024.11.10"]
[Round "2.6"]
[White "Slampa, Jan"]
[Black "Dudek, Vojtech"]
[Result "0-1"]
[WhiteElo "2198"]
[BlackElo "2121"]
[PlyCount "138"]
[EventDate "2024.10.20"]
[EventType "team-tourn"]
[EventRounds "11"]
[EventCountry "CZE"]
[SourceTitle "CB16_2025"]
[SourceDate "2025.04.16"]
[SourceVersion "1"]
[SourceVersionDate "2025.04.16"]
[SourceQuality "1"]
[WhiteTeam "Unichess MGMBA"]
[BlackTeam "Vlasim Spartak"]
[WhiteTeamCountry "CZE"]
[BlackTeamCountry "CZE"]

1. d4 Nf6 2. c4 c5 3. d5 b5 4. cxb5 a6 5. e3 g6 6. Nc3 Bg7 7. Nf3 0-0 8. bxa6 Qa5 9. a7 Qxa7 10. Be2 d6 11. 0-0 Ba6 12. Nd2 Nbd7 13. Nc4 Rfb8 14. a4 Rb4 15. Na3 Bxe2 16. Qxe2 Qa6 17. Qe1 Qd3 18. Qd1 Qxd1 19. Rxd1 Ne4 20. Ncb5 Raxa4 21. Rb1 c4 22. f3 Nec5 23. Nc3 Bxc3 24. bxc3 Rb3 25. Rxb3 cxb3 26. Kf1 Nb6 27. Ke2 Ra8 28. Rd4 f5 29. Kd2 b2 30. Bxb2 Nb3+ 31. Kc2 Nxd4+ 32. exd4 Nxd5 33. Bc1 Ne3+ 34. Bxe3 Rxa3 35. Bc1 Ra8 36. Bb2 d5 37. h4 Kf7 38. g3 Ke6 39. Bc1 Kd6 40. Kd3 Kc6 41. Bg5 Ra1 42. Ke3 Ra7 43. Bh6 Kb5 44. Kd3 Ra1 45. Bg5 Rd1+ 46. Ke2 Rg1 47. Kf2 Rb1 48. Bxe7 Kc4 49. Ke2 Kxc3 50. Bf6 Rb2+ 51. Ke3 Kc4 52. Be5 Rb3+ 53. Kf4 Kd3 54. Kg5 Ke2 55. Kh6 Rb7 56. h5 Rb6 57. hxg6 hxg6 58. f4 Kf3 59. Kg5 Kxg3 60. Bg7 Kf3 61. Be5 Ke4 62. Kh6 Rb1 63. Kxg6 Rf1 64. Kg5 Rf3 65. Bc7 Kxd4 66. Kxf5 Ke3 67. Ke6 Ke4 68. Be5 Rf1 69. Kd6 d4 0-1

[Event "CZE-chT1W 2324"]
[Site "Czech Republic"]
[Date "2024.04.14"]
[Round "11.4"]
[White "Dudek, Vojtech"]
[Black "Riha, Jaroslav1"]
[Result "1/2-1/2"]
[WhiteElo "2176"]
[BlackElo "2101"]
[PlyCount "40"]
[EventDate "2023.10.29"]
[EventType "team-tourn"]
[EventRounds "11"]
[EventCountry "CZE"]
[SourceTitle "EXT 2025"]
[Source "ChessBase"]
[SourceDate "2024.10.14"]
[SourceVersion "1"]
[SourceVersionDate "2024.10.14"]
[SourceQuality "1"]
[WhiteTeam "Vlasim Spartak"]
[BlackTeam "Litomerice Slavoj"]
[WhiteTeamCountry "CZE"]
[BlackTeamCountry "CZE"]

1. e4 c5 2. Nf3 e6 3. b3 d6 4. Bb2 Nf6 5. Bd3 Be7 6. 0-0 0-0 7. e5 Nd5 8. exd6 Bxd6 9. c4 Nf4 10. Bc2 Nc6 11. d4 cxd4 12. Nxd4 Nxd4 13. Bxd4 Qh4 14. g3 Ne2+ 15. Qxe2 Qxd4 16. Nd2 Be7 17. Rad1 Qb6 18. Nf3 g6 19. Ne5 Bf6 20. Nd7 Bxd7 1/2-1/2

[Event "CZE-chT1W 2324"]
[Site "Czech Republic"]
[Date "2024.02.04"]
[Round "7.6"]
[White "Dudek, Vojtech"]
[Black "Oresky, Jan"]
[Result "1/2-1/2"]
[WhiteElo "2176"]
[BlackElo "2251"]
[PlyCount "46"]
[EventDate "2023.10.29"]
[EventType "team-tourn"]
[EventRounds "11"]
[EventCountry "CZE"]
[SourceTitle "EXT 2025"]
[Source "ChessBase"]
[SourceDate "2024.10.14"]
[SourceVersion "1"]
[SourceVersionDate "2024.10.14"]
[SourceQuality "1"]
[WhiteTeam "Vlasim Spartak"]
[BlackTeam "Praha Oaza"]
[WhiteTeamCountry "CZE"]
[BlackTeamCountry "CZE"]

1. e4 c5 2. Nf3 d6 3. d4 cxd4 4. Qxd4 Nc6 5. Bb5 Bd7 6. Bxc6 Bxc6 7. Nc3 Nf6 8. Bg5 e6 9. 0-0-0 Be7 10. Qd3 0-0 11. Nd4 d5 12. e5 Nd7 13. Bxe7 Qxe7 14. f4 Rfc8 15. Rhe1 b5 16. Ncxb5 Nc5 17. Qa3 Bxb5 18. Nxb5 Rc6 19. Nd6 Qc7 20. Nb5 Qc8 21. Nd6 Qc7 22. Nb5 Qc8 23. Nd6 Qc7 1/2-1/2

[Event "CZE-chT1W 2324"]
[Site "Czech Republic"]
[Date "2024.01.21"]
[Round "6.5"]
[White "Dudek, Vojtech"]
[Black "Stastny, Jan"]
[Result "1-0"]
[WhiteElo "2176"]
[BlackElo "2217"]
[PlyCount "103"]
[EventDate "2023.10.29"]
[EventType "team-tourn"]
[EventRounds "11"]
[EventCountry "CZE"]
[SourceTitle "EXT 2025"]
[Source "ChessBase"]
[SourceDate "2024.10.14"]
[SourceVersion "1"]
[SourceVersionDate "2024.10.14"]
[SourceQuality "1"]
[WhiteTeam "Vlasim Spartak"]
[BlackTeam "Ricany Betsys"]
[WhiteTeamCountry "CZE"]
[BlackTeamCountry "CZE"]

1. e4 c5 2. Nf3 d6 3. d4 cxd4 4. Qxd4 Bd7 5. c4 Nc6 6. Qd3 Nf6 7. Be2 a6 8. Nc3 e6 9. 0-0 Be7 10. Bg5 0-0 11. Rfd1 Qa5 12. a3 Rfd8 13. b4 Qc7 14. Rac1 Ne5 15. Nxe5 dxe5 16. Qb1 h6 17. Be3 b6 18. f3 Nh5 19. g3 Bc6 20. Nd5 exd5 21. cxd5 Rd6 22. dxc6 Rxc6 23. Rxc6 Qxc6 24. Qc1 Qg6 25. Kf2 Bg5 26. Bxg5 hxg5 27. Qc7 Nf6 28. Qxe5 g4 29. Qf5 Qh6 30. h4 gxf3 31. Bxf3 Re8 32. e5 Nh7 33. Rd7 Qe6 34. Qxe6 Rxe6 35. Bd5 Rxe5 36. Bxf7+ Kf8 37. Bg6 Nf6 38. Rf7+ Kg8 39. Rb7 Kf8 40. Rxb6 a5 41. Rb8+ Ke7 42. Rb7+ Ke6 43. Kf3 Nd7 44. g4 Nf8 45. Bf5+ Kf6 46. Kf4 Ne6+ 47. Bxe6 Rxe6 48. bxa5 Re1 49. a6 Ra1 50. Rb3 Rc1 51. Rb4 Rc6 52. Ra4 1-0

[Event "CZE-chT1W 2324"]
[Site "Czech Republic"]
[Date "2024.01.07"]
[Round "5.6"]
[White "Dudek, Vojtech"]
[Black "Toman, Jan"]
[Result "1/2-1/2"]
[WhiteElo "2176"]
[BlackElo "2167"]
[PlyCount "23"]
[EventDate "2023.10.29"]
[EventType "team-tourn"]
[EventRounds "11"]
[EventCountry "CZE"]
[SourceTitle "EXT 2025"]
[Source "ChessBase"]
[SourceDate "2024.10.14"]
[SourceVersion "1"]
[SourceVersionDate "2024.10.14"]
[SourceQuality "1"]
[WhiteTeam "Vlasim Spartak"]
[BlackTeam "Unichess"]
[WhiteTeamCountry "CZE"]
[BlackTeamCountry "CZE"]

1. Nf3 Nf6 2. b3 d5 3. Bb2 Bg4 4. g3 e6 5. Bg2 Be7 6. 0-0 0-0 7. c4 c6 8. d4 a5 9. Nc3 h6 10. Ne5 Bf5 11. Re1 Na6 12. e4 1/2-1/2

[Event "Svetla nad Sazavou Mares Memorial"]
[Site "Svetla nad Sazavou"]
[Date "2023.12.29"]
[Round "1"]
[White "Dudek, Vojtech"]
[Black "Kulovany, Radomir"]
[Result "1-0"]
[WhiteElo "2131"]
[BlackElo "1549"]
[PlyCount "71"]
[EventDate "2023.12.29"]
[EventType "swiss"]
[EventRounds "9"]
[EventCountry "CZE"]
[SourceTitle "CBM 218 Extra"]
[Source "ChessBase"]
[SourceDate "2024.03.31"]
[SourceVersion "1"]
[SourceVersionDate "2024.03.31"]
[SourceQuality "1"]

1. e4 d5 2. exd5 Qxd5 3. d4 Nf6 4. c4 Qd8 5. Nc3 Bg4 6. Be2 Bxe2 7. Ngxe2 e6 8. 0-0 Be7 9. Bf4 0-0 10. Qb3 b6 11. Rfd1 Bd6 12. Bxd6 Qxd6 13. d5 Na6 14. dxe6 Qxe6 15. Nd4 Qg4 16. Qc2 Nc5 17. f3 Qg6 18. Qxg6 hxg6 19. b4 Nb7 20. Nc6 Nd8 21. Ne7+ Kh7 22. Ncd5 Nxd5 23. cxd5 Re8 24. Re1 Nb7 25. Rac1 c5 26. dxc6 Nd6 27. Rcd1 Nc8 28. Nxc8 Rexc8 29. b5 a6 30. a4 axb5 31. axb5 Rc7 32. Ra1 Rd8 33. Re2 Rd5 34. Rb2 Kg8 35. Ra8+ Kh7 36. Rb8 1-0

[Event "Svetla nad Sazavou Mares Memorial"]
[Site "Svetla nad Sazavou"]
[Date "2023.12.29"]
[Round "8"]
[White "Jirovsky, Milos"]
[Black "Dudek, Vojtech"]
[Result "1-0"]
[WhiteElo "2472"]
[BlackElo "2131"]
[PlyCount "103"]
[EventDate "2023.12.29"]
[EventType "swiss"]
[EventRounds "9"]
[EventCountry "CZE"]
[SourceTitle "CBM 218 Extra"]
[Source "ChessBase"]
[SourceDate "2024.03.31"]
[SourceVersion "1"]
[SourceVersionDate "2024.03.31"]
[SourceQuality "1"]

1. Nf3 Nf6 2. c4 c5 3. Nc3 Nc6 4. g3 g6 5. Bg2 Bg7 6. d4 cxd4 7. Nxd4 0-0 8. 0-0 Nxd4 9. Qxd4 d6 10. Qd3 Rb8 11. Bd2 a6 12. Rac1 Bf5 13. e4 Bd7 14. a4 b5 15. cxb5 axb5 16. axb5 Qe8 17. Rfe1 Bxb5 18. Nxb5 Qxb5 19. Qxb5 Rxb5 20. b4 Nd7 21. Rc7 Ne5 22. Rb1 Rfb8 23. f4 Ng4 24. Bf1 R5b7 25. Rxb7 Rxb7 26. Be2 Bd4+ 27. Kg2 Nf6 28. Kf3 Rc7 29. Bd3 Nd7 30. Rb3 Nb6 31. Ra3 Nc4 32. Bxc4 Rxc4 33. Ke2 Rc7 34. Kd3 Bg1 35. h3 f5 36. b5 Kf7 37. Rb3 fxe4+ 38. Kxe4 Ke6 39. g4 d5+ 40. Kd3 Kd6 41. Bb4+ Bc5 42. Bc3 Rb7 43. Be5+ Kd7 44. f5 gxf5 45. gxf5 Bd6 46. Kd4 Rc7 47. Bxd6 Kxd6 48. b6 Rb7 49. h4 e5+ 50. fxe6 Kxe6 51. Kc5 h6 52. Kc6 1-0

[Event "CZE-chT1W 2324"]
[Site "Czech Republic"]
[Date "2023.11.12"]
[Round "2.4"]
[White "Dudek, Vojtech"]
[Black "Vichnar, David"]
[Result "0-1"]
[WhiteElo "2176"]
[BlackElo "2340"]
[PlyCount "50"]
[EventDate "2023.10.29"]
[EventType "team-tourn"]
[EventRounds "11"]
[EventCountry "CZE"]
[SourceTitle "EXT 2025"]
[Source "ChessBase"]
[SourceDate "2024.10.14"]
[SourceVersion "1"]
[SourceVersionDate "2024.10.14"]
[SourceQuality "1"]
[WhiteTeam "Vlasim Spartak"]
[BlackTeam "Vysehrad"]
[WhiteTeamCountry "CZE"]
[BlackTeamCountry "CZE"]

1. Nf3 d5 2. b3 c5 3. e3 Nc6 4. Bb2 Nf6 5. Be2 Bf5 6. 0-0 e6 7. d3 Bd6 8. c4 h6 9. cxd5 exd5 10. Nc3 0-0 11. h3 a6 12. d4 b6 13. Rc1 Be6 14. dxc5 bxc5 15. Na4 Nd7 16. Rc2 Qe7 17. Qa1 f5 18. Re1 Kh7 19. a3 a5 20. Bb5 Rac8 21. Bxc6 Rxc6 22. Nd4 Rcc8 23. Nxe6 Qxe6 24. Bxg7 Rg8 25. Bb2 Qe4 0-1

[Event "Ceske Budejovice IM"]
[Site "Ceske Budejovice"]
[Date "2023.07.08"]
[Round "8"]
[White "Jeet, Jain"]
[Black "Dudek, Vojtech"]
[Result "1-0"]
[WhiteElo "2225"]
[BlackElo "2263"]
[PlyCount "53"]
[EventDate "2023.07.01"]
[EventType "tourn"]
[EventRounds "9"]
[EventCountry "CZE"]
[EventCategory "2"]
[SourceTitle "CBM 215 Extra"]
[Source "ChessBase"]
[SourceDate "2023.09.30"]
[SourceVersion "1"]
[SourceVersionDate "2023.09.30"]
[SourceQuality "1"]

1. e4 d5 2. exd5 Nf6 3. d4 Bg4 4. Be2 Bxe2 5. Qxe2 Qxd5 6. Nf3 Nc6 7. c4 Qe4 8. Be3 e5 9. d5 Bb4+ 10. Bd2 Bxd2+ 11. Nbxd2 Qxe2+ 12. Kxe2 Nd4+ 13. Nxd4 exd4 14. Nf3 0-0-0 15. Rhd1 Rhe8+ 16. Kf1 Re4 17. Ng5 Rf4 18. Nxf7 Re8 19. Ng5 d3 20. b3 Re2 21. f3 Rf5 22. Rxd3 Rc2 23. Ne6 Re5 24. Nd4 Rb2 25. a4 Nh5 26. Rad1 Nf4 27. R3d2 1-0

[Event "Ceske Budejovice IM"]
[Site "Ceske Budejovice"]
[Date "2023.07.04"]
[Round "4"]
[White "Gschiel, Alexander"]
[Black "Dudek, Vojtech"]
[Result "1-0"]
[WhiteElo "2280"]
[BlackElo "2263"]
[PlyCount "105"]
[EventDate "2023.07.01"]
[EventType "tourn"]
[EventRounds "9"]
[EventCountry "CZE"]
[EventCategory "2"]
[SourceTitle "CBM 215 Extra"]
[Source "ChessBase"]
[SourceDate "2023.09.30"]
[SourceVersion "1"]
[SourceVersionDate "2023.09.30"]
[SourceQuality "1"]

1. c4 Nf6 2. g3 c5 3. Bg2 g6 4. Nf3 Nc6 5. d4 cxd4 6. Nxd4 Bg7 7. 0-0 Nxd4 8. Qxd4 0-0 9. Nc3 d6 10. Qd3 Rb8 11. Rd1 b6 12. Bd2 Bf5 13. e4 Bd7 14. h3 a6 15. a4 Bc6 16. Be3 Nd7 17. Qc2 Qc8 18. Rac1 Re8 19. h4 Ne5 20. b3 Qg4 21. Qe2 b5 22. cxb5 axb5 23. Bd4 bxa4 24. Bxe5 Qxe2 25. Nxe2 Bxe5 26. Rxc6 axb3 27. Nc3 b2 28. Nb1 Rb3 29. Bf1 Ra8 30. Bc4 Rb4 31. Bd3 Ra1 32. Kf1 Kg7 33. Ke2 h6 34. Bc2 g5 35. Ke3 Bf6 36. hxg5 hxg5 37. f4 Ra5 38. Rh1 Bd4+ 39. Ke2 Bf6 40. Rc8 Rc5 41. Rxc5 dxc5 42. e5 gxf4 43. Rh7+ Kf8 44. exf6 exf6 45. g4 Rc4 46. Bf5 Rc1 47. Rh8+ Kg7 48. Rb8 c4 49. Rxb2 c3 50. Ra2 Kh6 51. Na3 Rh1 52. Rc2 Rh3 53. g5+ 1-0

[Event "Ceske Budejovice IM"]
[Site "Ceske Budejovice"]
[Date "2023.07.03"]
[Round "3"]
[White "Dudek, Vojtech"]
[Black "Konopka, Michal"]
[Result "1/2-1/2"]
[WhiteElo "2263"]
[BlackElo "2353"]
[PlyCount "52"]
[EventDate "2023.07.01"]
[EventType "tourn"]
[EventRounds "9"]
[EventCountry "CZE"]
[EventCategory "2"]
[SourceTitle "CBM 215 Extra"]
[Source "ChessBase"]
[SourceDate "2023.09.30"]
[SourceVersion "1"]
[SourceVersionDate "2023.09.30"]
[SourceQuality "1"]

1. e4 Nf6 2. e5 Nd5 3. d4 d6 4. Nf3 dxe5 5. Nxe5 c6 6. Be2 Nd7 7. c4 Nc7 8. Nf3 g6 9. 0-0 Bg7 10. Bf4 Ne6 11. Be3 Nf6 12. h3 Qc7 13. Qd2 0-0 14. Nc3 Rd8 15. Rfd1 b6 16. Rac1 Bb7 17. Qe1 Rac8 18. Bf1 Nf8 19. g3 e6 20. Bf4 Qe7 21. c5 bxc5 22. dxc5 Rxd1 23. Nxd1 Nd5 24. Bd6 Qd8 25. Ne3 Nd7 26. Nc4 Ba6 1/2-1/2

[Event "Mid Bohemia Region-chT 2223"]
[Site "Czech Republic"]
[Date "2023.04.02"]
[Round "11.4"]
[White "Dudek, Vojtech"]
[Black "Novotny, David"]
[Result "1-0"]
[WhiteElo "2167"]
[BlackElo "1993"]
[PlyCount "77"]
[EventDate "2022.10.09"]
[EventType "team-tourn"]
[EventRounds "11"]
[EventCountry "CZE"]
[SourceTitle "EXT 2024"]
[Source "ChessBase"]
[SourceDate "2023.10.10"]
[SourceVersion "1"]
[SourceVersionDate "2023.10.10"]
[SourceQuality "1"]
[WhiteTeam "Cesky Brod"]
[BlackTeam "Ricany III"]
[WhiteTeamCountry "CZE"]
[BlackTeamCountry "CZE"]

1. Nf3 f5 2. d4 Nf6 3. g3 e6 4. Bg2 Be7 5. 0-0 0-0 6. c4 d6 7. Nc3 Ne4 8. Qc2 Nxc3 9. Qxc3 a5 10. b3 Nc6 11. Bb2 Bf6 12. Qd2 e5 13. Rfd1 Qe7 14. a3 Kh8 15. Rac1 Rd8 16. e3 Bd7 17. d5 Nb8 18. Ne1 Be8 19. f4 Bh5 20. Bf3 Bxf3 21. Nxf3 Nd7 22. Qc2 exf4 23. exf4 Qe3+ 24. Kg2 Re8 25. Re1 Qc5 26. Qxf5 Bxb2 27. Qxd7 Red8 28. Qf5 Rf8 29. Qc2 Qxa3 30. Ng5 g6 31. Re7 Bg7 32. Rce1 a4 33. Rxg7 Kxg7 34. Qc3+ Kh6 35. Re7 Qa2+ 36. Kh3 Rxf4 37. gxf4 Rh8 38. Nf7+ Kh5 39. Qf3# 1-0

[Event "CZE-chT2A 2223"]
[Site "Czech Republic"]
[Date "2023.03.26"]
[Round "11.2"]
[White "Dudek, Vojtech"]
[Black "Flajsman, Pavel"]
[Result "1-0"]
[WhiteElo "2148"]
[BlackElo "2221"]
[PlyCount "131"]
[EventDate "2022.10.16"]
[EventType "team-tourn"]
[EventRounds "11"]
[EventCountry "CZE"]
[SourceTitle "EXT 2024"]
[Source "ChessBase"]
[SourceDate "2023.10.10"]
[SourceVersion "1"]
[SourceVersionDate "2023.10.10"]
[SourceQuality "1"]
[WhiteTeam "Vlasim"]
[BlackTeam "Klatovy"]
[WhiteTeamCountry "CZE"]
[BlackTeamCountry "CZE"]

1. Nf3 Nf6 2. b3 e6 3. Bb2 d5 4. e3 Be7 5. d4 0-0 6. Bd3 b6 7. 0-0 Bb7 8. Nbd2 c5 9. dxc5 bxc5 10. c4 Nc6 11. cxd5 exd5 12. a3 h6 13. Rc1 Qb6 14. Qc2 Nd7 15. Rfd1 Rfd8 16. Nf1 Na5 17. b4 cxb4 18. axb4 Bxb4 19. Bd4 Qd6 20. Ng3 g6 21. Ba1 Rac8 22. Qb2 d4 23. Rxc8 Rxc8 24. Nxd4 Bc3 25. Qa2 Bxa1 26. Qxa1 Nc6 27. Nxc6 Qxc6 28. Be4 Qc7 29. Bxb7 Qxb7 30. Qd4 Nc5 31. h4 Ne6 32. Qg4 Rd8 33. Rxd8+ Nxd8 34. h5 Kh7 35. Ne4 Qc6 36. Qf4 f5 37. Ng3 Qd7 38. hxg6+ Kxg6 39. Qh4 Nf7 40. e4 fxe4 41. Qxe4+ Kf6 42. Nh5+ Kg5 43. Ng7 Qd1+ 44. Kh2 Nd6 45. f4+ Kg4 46. Qe3 Nf5 47. Qh3+ Kxf4 48. Nxf5 Qg4 49. Qxg4+ Kxg4 50. Nxh6+ Kh5 51. Nf5 a5 52. Nd4 Kg4 53. g3 a4 54. Nb5 Kg5 55. Kh3 Kf5 56. g4+ Kg5 57. Kg3 Kg6 58. Kf4 Kf6 59. g5+ Kg6 60. Kg4 Kg7 61. Kf5 Kf7 62. g6+ Kg8 63. Kf6 a3 64. Nxa3 Kf8 65. g7+ Kg8 66. Nc4 1-0

[Event "CZE-chT2A 2223"]
[Site "Czech Republic"]
[Date "2023.02.19"]
[Round "9.4"]
[White "Dudek, Vojtech"]
[Black "Sott, Pavel"]
[Result "1-0"]
[WhiteElo "2148"]
[BlackElo "2170"]
[PlyCount "67"]
[EventDate "2022.10.16"]
[EventType "team-tourn"]
[EventRounds "11"]
[EventCountry "CZE"]
[SourceTitle "EXT 2024"]
[Source "ChessBase"]
[SourceDate "2023.10.10"]
[SourceVersion "1"]
[SourceVersionDate "2023.10.10"]
[SourceQuality "1"]
[WhiteTeam "Vlasim"]
[BlackTeam "Line II"]
[WhiteTeamCountry "CZE"]
[BlackTeamCountry "CZE"]

1. d4 c5 2. c3 cxd4 3. cxd4 g6 4. Nf3 Bg7 5. Nc3 d5 6. Bf4 Nf6 7. e3 0-0 8. Be2 Qb6 9. Qb3 Qxb3 10. axb3 Nc6 11. 0-0 Bf5 12. h3 Rfd8 13. Rfc1 Rac8 14. g4 Be6 15. Nb5 Ne8 16. Ne1 a6 17. Nc3 f6 18. Nd3 Bf7 19. Nc5 e5 20. dxe5 d4 21. e6 dxc3 22. exf7+ Kxf7 23. bxc3 Ne5 24. Nxb7 Rd2 25. Bxa6 Nf3+ 26. Kg2 Nh4+ 27. Kf1 g5 28. Bg3 f5 29. Bc4+ Kf8 30. Rd1 Rxd1+ 31. Rxd1 fxg4 32. Rd7 Bxc3 33. Rf7+ Kg8 34. Rc7+ 1-0

[Event "Mid Bohemia Region-chT 2223"]
[Site "Czech Republic"]
[Date "2023.02.12"]
[Round "8.3"]
[White "Dudek, Vojtech"]
[Black "Dolezal, Vit"]
[Result "1-0"]
[WhiteElo "2167"]
[BlackElo "1975"]
[PlyCount "77"]
[EventDate "2022.10.09"]
[EventType "team-tourn"]
[EventRounds "11"]
[EventCountry "CZE"]
[SourceTitle "EXT 2024"]
[Source "ChessBase"]
[SourceDate "2023.10.10"]
[SourceVersion "1"]
[SourceVersionDate "2023.10.10"]
[SourceQuality "1"]
[WhiteTeam "Cesky Brod"]
[BlackTeam "Odolena Voda Aero"]
[WhiteTeamCountry "CZE"]
[BlackTeamCountry "CZE"]

1. d4 Nf6 2. Bf4 d6 3. Nc3 Nbd7 4. Nf3 g6 5. e4 Bg7 6. h3 0-0 7. Qd2 c6 8. a4 Re8 9. g4 e5 10. dxe5 dxe5 11. Be3 Qe7 12. Bc4 Nc5 13. Ng5 Ne6 14. 0-0-0 Nxg5 15. Bxg5 Be6 16. Bxe6 Qxe6 17. Qd6 h6 18. Qxe6 Rxe6 19. Be3 Kf8 20. Rd3 b6 21. Rhd1 Ke8 22. f3 Bf8 23. Nb1 h5 24. Na3 Be7 25. Nc4 Rd8 26. Rxd8+ Bxd8 27. Nd6+ Ke7 28. Nc8+ Ke8 29. Nd6+ Ke7 30. Nc8+ Ke8 31. Nxa7 hxg4 32. hxg4 Nd7 33. b4 Bc7 34. b5 c5 35. Nc6 f6 36. Rh1 g5 37. Rh8+ Kf7 38. Rc8 Bd6 39. Nd8+ 1-0

[Event "Prague op 21st"]
[Site "Prague"]
[Date "2023.01.11"]
[Round "7"]
[White "Ivanov, Mike"]
[Black "Dudek, Vojtech"]
[Result "1-0"]
[WhiteElo "2319"]
[BlackElo "2134"]
[PlyCount "127"]
[EventDate "2023.01.06"]
[EventType "swiss"]
[EventRounds "9"]
[EventCountry "CZE"]
[SourceTitle "CBM 212 Extra"]
[Source "ChessBase"]
[SourceDate "2023.03.31"]
[SourceVersion "1"]
[SourceVersionDate "2023.03.31"]
[SourceQuality "1"]

1. e4 c5 2. Nf3 Nc6 3. Bb5 e6 4. Bxc6 bxc6 5. b3 d6 6. e5 d5 7. 0-0 Ne7 8. Ba3 Ng6 9. Nc3 f6 10. d4 cxd4 11. Bxf8 Rxf8 12. Qxd4 Qb6 13. Qg4 fxe5 14. Na4 Qd8 15. Ng5 Rf4 16. Qg3 Rf5 17. h4 Nf4 18. Rfe1 h6 19. Nf3 Qf6 20. Rad1 Bd7 21. Nc5 Ke7 22. Nh2 h5 23. Nf1 Ng6 24. c4 Nxh4 25. Ne3 Ng6 26. Nxf5+ Qxf5 27. Qd3 Qg4 28. Qe2 Qg5 29. Qe3 Qg4 30. cxd5 exd5 31. Nd3 e4 32. f3 Qg3 33. fxe4 Qxe3+ 34. Rxe3 dxe4 35. Rxe4+ Kf6 36. Rf1+ Kg5 37. Ne5 Nxe5 38. Rxe5+ Kh6 39. Rf7 Bg4 40. Rc7 Rd8 41. Rxc6+ g6 42. Rc2 Bf5 43. Rb2 Kg5 44. Ra5 Kf4 45. Kf2 Rd7 46. Ra4+ Ke5 47. Re2+ Kf6 48. Rc4 Rd6 49. Rc7 a6 50. Rc4 Rb6 51. Rd2 Ke5 52. b4 Be6 53. Rc5+ Ke4 54. a3 Bg4 55. Rcd5 Rf6+ 56. Kg3 Rc6 57. Rc5 Rf6 58. a4 Rb6 59. b5 axb5 60. Rxb5 Rc6 61. Rb4+ Ke3 62. Ra2 Be2 63. Ra3+ Kd2 64. Rb2+ 1-0

[Event "CZE-chT2A 2223"]
[Site "Czech Republic"]
[Date "2022.10.16"]
[Round "1.4"]
[White "Zeman, Martin"]
[Black "Dudek, Vojtech"]
[Result "1/2-1/2"]
[WhiteElo "1945"]
[BlackElo "2148"]
[PlyCount "130"]
[EventDate "2022.10.16"]
[EventType "team-tourn"]
[EventRounds "11"]
[EventCountry "CZE"]
[SourceTitle "EXT 2024"]
[Source "ChessBase"]
[SourceDate "2023.10.10"]
[SourceVersion "1"]
[SourceVersionDate "2023.10.10"]
[SourceQuality "1"]
[WhiteTeam "Pribram"]
[BlackTeam "Vlasim"]
[WhiteTeamCountry "CZE"]
[BlackTeamCountry "CZE"]

1. e4 c5 2. Nf3 Nc6 3. d4 cxd4 4. Nxd4 g6 5. c4 Bg7 6. Be3 Qb6 7. Nb3 Qd8 8. Nc3 Bxc3+ 9. bxc3 Nf6 10. f3 0-0 11. c5 b6 12. Bb5 Qc7 13. 0-0 bxc5 14. Nxc5 d6 15. Nb3 Ne5 16. Bd4 a6 17. Be2 Be6 18. Rc1 Bc4 19. Rc2 Nfd7 20. f4 Bxe2 21. Qxe2 Nc4 22. h3 e5 23. fxe5 dxe5 24. Bf2 Qc6 25. Rd1 Rad8 26. Nd2 Ndb6 27. Nxc4 Nxc4 28. Rcc1 Rd6 29. Rxd6 Nxd6 30. Bg3 Nxe4 31. Bxe5 Qc5+ 32. Bd4 Nxc3 33. Rxc3 Qxd4+ 34. Qe3 Qxe3+ 35. Rxe3 Rd8 36. Ra3 Rd6 37. Kf2 Kg7 38. g4 Kf6 39. Ra5 h6 40. Ke3 Re6+ 41. Kf4 Ke7 42. h4 Kd7 43. Rc5 Rc6 44. Ra5 Kc7 45. Rd5 Rc4+ 46. Kg3 Rc2 47. Ra5 Kb6 48. Ra3 a5 49. Rf3 Rxa2 50. Rxf7 Ra3+ 51. Kg2 Ra2+ 52. Kf3 Ra3+ 53. Kg2 Ra2+ 54. Kf3 Kc5 55. Rf6 Ra3+ 56. Kg2 Ra2+ 57. Kf3 Ra3+ 58. Kg2 Rd3 59. Ra6 Rd2+ 60. Kf3 Rd3+ 61. Kf4 Rd4+ 62. Kf3 Rd3+ 63. Kf4 Rd4+ 64. Kf3 Rd3+ 65. Kf4 Rd4+ 1/2-1/2

[Event "Ricany op 20th"]
[Site "Ricany"]
[Date "2022.08.31"]
[Round "6"]
[White "Dudek, Vojtech"]
[Black "Vetrovsky, Michal"]
[Result "1-0"]
[WhiteElo "2144"]
[BlackElo "2122"]
[PlyCount "95"]
[EventDate "2022.08.27"]
[EventType "swiss"]
[EventRounds "9"]
[EventCountry "CZE"]
[SourceTitle "CBM 210 Extra"]
[Source "ChessBase"]
[SourceDate "2022.11.30"]
[SourceVersion "1"]
[SourceVersionDate "2022.11.30"]
[SourceQuality "1"]

1. d4 Nf6 2. Bf4 d6 3. Nc3 g6 4. e4 Bg7 5. Qd2 h5 6. 0-0-0 c6 7. Nf3 Bg4 8. Be2 d5 9. h3 Bxf3 10. Bxf3 e6 11. g4 dxe4 12. Nxe4 Nxe4 13. Bxe4 Nd7 14. Bf3 h4 15. Rhe1 Nb6 16. Kb1 Nd5 17. Bh2 0-0 18. c4 Nb6 19. c5 Nd5 20. Bd6 Re8 21. Be4 b6 22. f4 bxc5 23. dxc5 Qd7 24. f5 exf5 25. gxf5 Rxe4 26. Rxe4 Qxf5 27. Qd3 Nf6 28. Rf4 Qxd3+ 29. Rxd3 Nd5 30. Rxh4 Re8 31. Kc2 a5 32. a3 Bf6 33. Ra4 Bd8 34. b4 axb4 35. Rxd5 b3+ 36. Kxb3 cxd5 37. Ra8 Kg7 38. c6 f5 39. Kc2 Re4 40. Rxd8 Rc4+ 41. Kd3 Rxc6 42. Be5+ Kf7 43. Rxd5 Ke6 44. Rb5 g5 45. Bd4 g4 46. hxg4 fxg4 47. Rg5 Ra6 48. Rg6+ 1-0